| 000 | 00800nam a2200205 i 4500 | ||
|---|---|---|---|
| 001 | 14811 | ||
| 003 | ES-MaACL | ||
| 005 | 20230906150910.0 | ||
| 007 | t| | ||
| 008 | 990526s1987 sp |||| | spa d | ||
| 020 | _a84-7491-034-X | ||
| 080 | _a860"19"(082.2) | ||
| 245 | 0 | 0 | _aPremios Clarín, Larra y Buñuel (1986-1987). |
| 260 |
_aMadrid : _bEditorial de la Universidad Complutense, _c1987. |
||
| 300 |
_a297 p. ; _c18 cm. |
||
| 500 | _aQuinta y sexta convocatoria de los premios otorgados por el Departamento de Lengua y Literatura de la Facultad de Ciencias de la Información de la Universidad Complutense. | ||
| 650 | 1 | 4 |
_aLiteratura española- _yS.XX. _9148763 |
| 710 | 2 |
_aUniversidad Complutense de Madrid. _bFacultad de Ciencias de la Información. _97114 |
|
| 852 |
_aES-MaACL _jL-21971 |
||
| 999 |
_c14811 _d14811 |
||